00287nam a2200109Ia 4500008004100000041001200041082002300053100004400076245001700120260002700137300001300164231217s9999 xx 000 0 und d aEnglish a001.6424LEX LEV;3 aLevine, John R Mason, Tony Brown, Doug 0aLex and yacc c1992bMumbai : Shroff, axxii+366